000 01669nam0a2200325 4500
001 RU\NLR\bibl\898979
005 20260408170012.0
010 _a5-93517-241-0
_92000
035 _a(NLR Aleph) 000887429
090 _a1697094
_c1697094
100 _a20060123d2005 |||y0rusy50 ca
101 0 _arus
102 _aRU
105 _aa |||||||||
200 1 _aЭлектрические кабели связи и их монтаж
_eучебное пособие для студентов, обучающихся по специальностям 200900 - "Сети связи и системы коммуникации", 201000 - "Многоканальные телекоммуникационные системы"
_fЭ.Л. Портнов, А.Л. Зубилевич
210 _aМосква
_cГорячая линия-Телеком
_d2005
215 _a263 с.
_cил.
_d21
225 1 _aУчебное пособие для высших учебных заведений
_iСпециальность
313 _aпараметры, конструкции, монтаж
320 _aБиблиогр.: 206-261 (23 назв.)
606 _aКабели связи
_jУчебные издания для высших учебных заведений
_3RU\NLR\auth\66555695
_91334902
686 _aЗ843.232я73-1
700 1 _aПортнов
_bЭ. Л.
_gЭдуард Львович
_4070
701 1 _aЗубилевич
_bА. Л.
_gАлександр Львович
_4070
801 0 _aRU
_bNLR
_c20060123
_grcr
801 1 _aRU
_bNLR
_c20060123
830 _aАвт. по кн.
942 _cBOOK
980 _aNB